Pioneer Pentecostal women. (Record no. 14134)

000 -LEADER
fixed length control field 00749nam a2200205 a 4500
001 - CONTROL NUMBER
control field :::00011958$&:&@@
003 - CONTROL NUMBER IDENTIFIER
control field OkBaRHE
005 - DATE AND TIME OF LATEST TRANSACTION
control field 20100402121030.0
008 - FIXED-LENGTH DATA ELEMENTS--GENERAL INFORMATION
fixed length control field s1981 j 000 0 eng u
040 ## - CATALOGING SOURCE
Transcribing agency
100 1# - MAIN ENTRY--PERSONAL NAME
Personal name Wallace, Mary H.
245 10 - TITLE STATEMENT
Title Pioneer Pentecostal women.
260 ## - PUBLICATION, DISTRIBUTION, ETC. (IMPRINT)
Place of publication, distribution, etc Hazelwood, MO., :
Name of publisher, distributor, etc Word Aflame Press
Date of publication, distribution, etc 1981
300 ## - PHYSICAL DESCRIPTION
Extent 270 p. : illus. ;
Dimensions 21 cm.
650 ## - SUBJECT ADDED ENTRY--TOPICAL TERM
Topical term or geographic name as entry element United States
General subdivision Biography
650 ## - SUBJECT ADDED ENTRY--TOPICAL TERM
Topical term or geographic name as entry element Women, Pentecostal
General subdivision United States
-- Biography
942 ## - ADDED ENTRY ELEMENTS (KOHA)
Source of classification or shelving scheme
Koha item type Books
Copies
Shelving location Barcode Damaged status Source of classification or shelving scheme Withdrawn status Full call number Date acquired Date last seen Not for loan Koha item type Lost status Price effective from Permanent Location Copy number
General Stacks11958   BX 8762 .Z8 A47 19812010-04-142010-04-14 Books 2010-04-14RHEMA Bible Training College1
General Stacks16381   BX 8762 .Z8 A47 19812010-04-142010-04-14 Books 2010-04-14RHEMA Bible Training College2